000 00633cam a2200145 4500500
005 20251228053359.0
041 _afre
042 _adc
100 1 0 _aFabre, Éric
_eauthor
245 0 0 _aPhilippe Boulanger et Jean-René Trochet, (dir.), Où en est la Géographie historique ? Entre économie et culture, Paris, L’Harmattan, 2005, 346 p., 29,5 €, isbn 2747581446
260 _c2005.
500 _a19
786 0 _nHistoire & Sociétés Rurales | 24 | 2 | 2005-10-01 | p. 171zi-276zi | 1254-728X
856 4 1 _uhttps://shs.cairn.info/revue-histoire-et-societes-rurales-2005-2-page-171zi?lang=fr&redirect-ssocas=7080
999 _c1585304
_d1585304